Word Ladder: The Odd Couple Quiz Stats

 Plays Quiz Updated Jun 20, 2017

Support Sporcle.
Go Orange.
Score 0/34 Timer 04:00
1 Play Today
Clue Word % Correct
A ____ Runs Through ItRIVER
90.5%
Buenos _____AIRES
89.1%
The 'U' of DUIUNDER
87.8%
Bus patronRIDER
87.5%
Person holding a stopwatchTIMER
87.1%
Obama's VPBIDEN
86.7%
President's helpersAIDES
86.6%
South American mountain rangeANDES
85%
Bigger horizontallyWIDER
82.5%
Emotion of Yosemite Sam and the Incredible HulkANGER
80%
'The Odd Couple' character (last name)✔UNGER
79.1%
Make an offer, as at an auction (2 words)BID ON
71.6%
French word for haloed figuresANGES
71.2%
Ruth ____ GinsburgBADER
68.7%
ShorebirdWADER
67.6%
____-Leste (Asian country)TIMOR
67.5%
____-Powell, Scout Movement founderBADEN
66.8%
Clue Word % Correct
Disney meerkat or Shakespearean AthenianTIMON
66.5%
Fired up the lantern againRELIT
66.4%
Transfix, as an audienceRIVET
63.1%
'The Odd Couple' character (first name)✔FELIX
61.9%
To love, in FranceAIMER
60%
Broadcasting stationAIRER
59.5%
'The Odd Couple' playwright✔SIMON
57.3%
Rent out an apartment to someone elseRELET
56%
Keyboard buttonENTER
54.6%
'The Odd Couple' character✔OSCAR
51.5%
Nickname for Andrew Wiggin in Orson Scott Card's classicENDER
51%
Phoenician city often mentioned with TyreSIDON
46.8%
Strengthen a levee with stoneREVET
44.8%
Music magazine dating back to 1974RELIX
44.2%
Aromatic organic compoundESTER
28.9%
Kitchen appliance brandOSTER
26.4%
Light in the night sky with a bluish colorO STAR
22.1%

Today's Daily Dose

You're not logged in!

Compare scores with friends on all Sporcle quizzes.
OR
Log In
Forgot?

From the Vault

3 Most Populous Cities: USA

by aquascape

If you like people, these are the cities for you!
Remove Ads.
Support Sporcle.
Get the best of Sporcle when you Go Orange. This ad-free experience offers more features, more stats, and more fun while also helping to support Sporcle. Thank you for becoming a member.

Show Comments

Extras

Top Quizzes Today


Score Distribution

Your Account Isn't Verified!

In order to create a playlist on Sporcle, you need to verify the email address you used during registration. Go to your Sporcle Settings to finish the process.

Report this User

Report this user for behavior that violates our Community Guidelines.

Details: